Представление документа в формате RUSMARC

ПолеНазваниеЗначение
  Тип записи a
  Библиографический уровень m
001 Контрольный номер RU/CBS_UL/BASE/81d7744c77e744028a57e1bd58086bd3
005 Дата корректировки 20260430145048.1
010 Индекс ISBN __
a ISBN 978-5-6040346-0-6
b Уточнения в пер.
d Цена 2 р. 36 к.
9 Тираж 3 000 экз.
100 Данные общей обработки __
a Данные общей обработки 20260430d 0rusy0189## ca
101 Язык документа 0_
a Язык текста rus
102 Страна публикации __
a Страна публикации RU
200 Заглавие и сведения об ответственности 1_
a Заглавие Церковнославянский язык для детей
e Сведения, относящиеся к заглавию учебное пособие
f Первые сведения об ответственности И. Г. Архипова
210 Выходные данные 1_
a Место издания Долгопрудный
c Издательство Новолетие
d Дата издания 2018
215 Физическое описание __
a Объем 151 с.
c Иллюстрации/тип воспроизводства ил.
d Формат 22 см.
300 Общие примечания __
a Общие примечания 16+
606 Тематические рубрики 0_
a Основная рубрика Старославянский язык - Преподавание
610 Ключевые слова 0_
a Ключевые слова церковнославянский язык; изучение церковнославянского языка; пособия учебные; азбука церковнославянская; особенности произношения ; чтение церковнославянское
686 Индексы других классификаций __
2 Код системы rubbk
a Классификационный индекс 74.268.1
700 Автор _1
a Фамилия Архипова
b Имя (инициалы) И. Г.
g Полное личное имя Ирина Геннадьевна
801 Источник записи _0
a Страна RU
b Организация МБУК ЦБС г. Ульяновска
c Дата составления 20260430
g Правила каталогизации RCR
801 Источник записи _1
a Страна RU
b Организация МБУК ЦБС г. Ульяновска
c Дата составления 20260430
g Правила каталогизации RCR
852 Данные о местонахождении __
i Авторский знак А 87
j Шифр хранения 74.26
900 Электронные ресурсы __
a Имя электронного ресурса и. архипова церков
901 Тип документа __
t Тип документа m
909 Создатель записи __
a Создатель записи obr2
b Дата создания записи 20260430